000 01080nam a2200325Ia 4500
003 OSt
005 20220912150353.0
006 a|||||r|||| 00| 0
007 ta
008 220909b |||||||| |||| 00| 0 eng d
020 _a0521533449 (pbk)
024 _a15208
037 _b2900, 05/08/2005, The Book Seller
037 _cTextbook
040 _aCSL
_beng
_cCSL
041 _aeng
082 _aB:(T0aS), P5 TB
100 _aGallagher Ann M Ed.
245 0 _aGender differences in mathematics: an integrative psychological approach
260 _aCambridge
_bCambridge University Press
_c2005
300 _axvi, 351p.
_ccm.
500 _aIncludes bibliographical references.; Index 333-351p.
_ccm.
650 _a Gender differences
650 _a Mathematical ability-Sex difference
650 _a Sex differences in education
650 _aMathematics
700 _a Kaufman James C Ed.
942 _hB:(T0aS), P5 TB
_cTB
_2CC
999 _c46114
_d46114